| 000 | 00533cam a22002171 4500 | ||
|---|---|---|---|
| 001 | ne 65000297 | ||
| 003 | DLC | ||
| 005 | 20260227111811.0 | ||
| 008 | 890514q xx 000 0 hino | ||
| 010 | _ane 65000297 | ||
| 035 | _a(OCoLC)23537669 | ||
| 040 |
_aDLC _cMiU _dDLC |
||
| 042 | _apremarc | ||
| 050 | 0 | 0 |
_aBP53 _b.B7 |
| 100 | 1 |
_aBrelvi, Mahmud, _d1908- |
|
| 245 | 1 | 0 | _aFaiẓān-i Islām. |
| 260 | _c.1956 | ||
| 300 |
_a26, 130 p. _bcol. maps (part fold.) _c22 cm. |
||
| 500 | _aRomanized. | ||
| 650 | 0 |
_aIslam _xHistory |
|
| 999 |
_c47908 _d47908 |
||